000 00396nam a2200157Ia 4500
008 230711s9999||||xx |||||||||||||| ||und||
041 _aENG
082 _a20
_bSH-L
100 _aSharma,Pandey S.K
245 0 _aFundamentals of library automation
250 _a1st
260 _c1995
_aNew Delhi
_bEss Ess Publication
300 _a300
650 _aLibrary and Information Science
942 _cBK
999 _c3440
_d3440